Immanuel Kant 1724 1974: un filósofo alemán

Na minha lista:
Detalhes bibliográficos
Autor principal: Rossmann, Kurt (autor)
Formato: Livro
Idioma:espanhol
Publicado em: Berlín Ullstein 1974
Assuntos:
Tags: Adicionar Tag
Sem tags, seja o primeiro a adicionar uma tag!

MARC

LEADER 00000cam a2200000 a 4500
001 UCU2412
003 CL-VaPUC
008 960426e19740000GW |||||||||||||||||spa|d
082 0 4 |a 193  |b ROS  |2 21 
100 |a Rossmann, Kurt  |e autor  |9 358541 
245 1 0 |a Immanuel Kant 1724 1974: un filósofo alemán 
300 |a 29 p 
600 0 |a Kant, Immanuel,  |d 1724-1804  |9 858687 
942 |c BK 
945 |d 19960426 00:00:00  |a rleighto 
260 |a Berlín  |b Ullstein  |c 1974 
650 0 |a Filosofía alemana   |9 265002 
650 0 |a Crítica e interpretación   |9 255042 
583 |a last modification  |c 20160520 09:15:21  |k Rodrigo Vera 
999 |c 246709  |d 246707 
952 |0 0  |1 0  |4 0  |6 193_000000000000000_ROS_1974  |7 0  |8 P  |9 261897  |a BIBEDU  |b BIBEDU  |c BIBEDU_PB  |d 2019-11-19  |i 3122794  |o 193 ROS 1974  |p 3122794  |r 2024-01-25  |w 2019-11-19  |y BK  |k FIL 
952 |0 0  |1 0  |3 erb  |4 0  |6 193_000000000000000_ROS_1974  |7 0  |8 A  |9 261898  |a FDOHBE  |b FDOHBE  |e Huesbe Llanos, Marco Antonio, 1934-  |i 5304709  |o 193 ROS 1974  |p 5304709  |r 2024-01-30  |w 2019-11-19  |y BK  |z Catalogado en:20160520  |k HBE